Представление документа в формате RUSMARC

ПолеНазваниеЗначение
  Тип записи a
  Библиографический уровень a
001 Контрольный номер UONB/MAIN/f1bbf3d8786946c99d9f1238397329fe
005 Дата корректировки 20260326121500.1
100 Данные общей обработки __
a Данные общей обработки 20260325 ||| 0rusy0189 ca
101 Язык документа 0_
a Язык текста rus
102 Страна публикации __
a Страна публикации RU
200 Заглавие и сведения об ответственности 1_
a Заглавие Птица Хоттабыча
f Первые сведения об ответственности Е. Чуриков
e Сведения, относящиеся к заглавию несколько эпизодов из жизни Шолохова
203 Вид содержания и тип средства __
a Вид содержания Текст
c Тип средства непосредственный
215 Физическое описание __
c Иллюстрации/тип воспроизводства ил.
225 Серия 1_
a Серия Культура
330 Аннотация __
a Аннотация Во время Великой Отечественной войны семья Шолохова М. А. находилась в эвакуации в селе Дарьинское в Западном Казахстане, где проживает сейчас автор публикации. Статья посвящена воспоминаниям жителей села Дарьинское о встречах с писателем.
461 Уровень набора _0
1 2000
a Москва
1 011
a 0131-2332
463 Уровень физической единицы _0
1 2000
a № 2
v С. 213-221
1 2101
d 2026
1 001UONB/MAIN/6e50f35d945c4039a2380f28b38a9ca7
600 Персоналии _1
a Персоналии (Фамилия) Шолохов
b Персоналии (Имя, инициалы) М. А.
c Дополнение к имени писатель
g Полное имя Михаил Александрович
f Даты 1905-1984
606 Тематические рубрики 0_
a Основная рубрика Литературоведение
606 Тематические рубрики 0_
a Основная рубрика Современная русская литература
610 Ключевые слова 0_
a Ключевые слова воспоминания о писателях
610 Ключевые слова 0_
a Ключевые слова эвакуация в период Великой Отечественной войны
610 Ключевые слова 0_
a Ключевые слова творчество писателей
610 Ключевые слова 0_
a Ключевые слова биографии русских писателей
610 Ключевые слова 0_
a Ключевые слова связь с народом
686 Индексы других классификаций __
2 Код системы rubbk
700 Автор _1
a Фамилия Чуриков
b Имя (инициалы) Е.
g Полное личное имя Евгений
4 Код отношения 070
801 Источник записи _0
a Страна RU
b Организация Ульяновская ОНБ
c Дата составления 20260325
g Правила каталогизации RCR
801 Источник записи _1
a Страна RU
b Организация Ульяновская ОНБ
c Дата составления 20260325
g Правила каталогизации RCR
901 Тип документа __
t Тип документа b
w Контрольный № источника UONB/MAIN/6e50f35d945c4039a2380f28b38a9ca7